Rapid Interpretation of EKG's. (Registro nro. 137)
[ vista simple ]
| 000 -LEADER | |
|---|---|
| fixed length control field | 01128 am a2200337 a 4500 |
| 005 - FECHA ULTIMA MODIFICACION | |
| control field | 20240625100245.0 |
| 008 - CAMPO DE CONTROL (LIBRO) | |
| fixed length control field | 100317s2000||||xxua f |||| 001 0 eng d |
| 020 ## - INTERNATIONAL STANDARD BOOK NUMBER | |
| ISBN | 0912912065 |
| 041 ## - CODIGO DE IDIOMA | |
| Código de idioma del texto/pista de sonido o título separado | eng |
| 092 ## - SIGNATURA TOPOGRAFICA DEWEY LOCAL | |
| número de clasificación | 616.0757 |
| libristica | 18 |
| sección | DUB |
| 100 1# - ENTRADA PRINCIPAL--NOMBRE PERSONAL | |
| Nombre personal | Dubin, Dale. |
| 9 (RLIN) | 316 |
| 245 ## - TITULO PROPIAMENTE DICHO | |
| Título | Rapid Interpretation of EKG's. |
| Subtítulo y Título paralelo | Dr. Dubin's classic, simplified methology for under standing EKG's / |
| Mención de responsabilidad y remanente de la transcripción de la portada | Dale Dubin. |
| 250 ## - MENCION DE EDICION | |
| Mención de edición | 6th ed. |
| 260 ## - PIE DE IMPRENTA | |
| Lugar de publicación, distribución, etc | Florida: |
| Nombre de la editorial, distribuidor, etc | Cover; |
| Fecha de publicación | 2000. |
| 300 ## - DESCRIPCION FISICA | |
| Extension | 368 p. |
| Otros detalles físicos | il. |
| 500 ## - NOTA GENERAL | |
| Nota general | Dubin, D. (2000). Rapid Interpretation of EKG's. Dr. Dubin's classic, simplified methology for under standing EKG's. (6th ed.). Florida : Cover. |
| 653 ## - TÉRMINO INDIZADO - PALABRAS CLAVES | |
| Palabra clave | Basic principles |
| 653 ## - TÉRMINO INDIZADO - PALABRAS CLAVES | |
| Palabra clave | Recording the EKG |
| 653 ## - TÉRMINO INDIZADO - PALABRAS CLAVES | |
| Palabra clave | Autonomic nervous system |
| 653 ## - TÉRMINO INDIZADO - PALABRAS CLAVES | |
| Palabra clave | Rate |
| 653 ## - TÉRMINO INDIZADO - PALABRAS CLAVES | |
| Palabra clave | Rhythm, part I: arrhythmias of focal origin |
| 653 ## - TÉRMINO INDIZADO - PALABRAS CLAVES | |
| Palabra clave | Rhythm, part II: blocks |
| 653 ## - TÉRMINO INDIZADO - PALABRAS CLAVES | |
| Palabra clave | Axis |
| 653 ## - TÉRMINO INDIZADO - PALABRAS CLAVES | |
| Palabra clave | Hypertrophy |
| 653 ## - TÉRMINO INDIZADO - PALABRAS CLAVES | |
| Palabra clave | Infarction (includes hemiblock) |
| 653 ## - TÉRMINO INDIZADO - PALABRAS CLAVES | |
| Palabra clave | Cardiac monitor displays |
| 653 ## - TÉRMINO INDIZADO - PALABRAS CLAVES | |
| Palabra clave | Personal quick reference sheets (PQRS) |
| 653 ## - TÉRMINO INDIZADO - PALABRAS CLAVES | |
| Palabra clave | EKG tracings |
| 930 ## - NUMERO DE INVENTARIO | |
| Número de inventario | 1651 |
| 942 ## - ADDED ENTRY ELEMENTS (KOHA) | |
| Source of classification or shelving scheme | Dewey Decimal Classification |
| Item type | Libros |
| Estado de retiro | Existencia | Estado general | No para prestamo | Ubicación permanente | ubicación actual | Sala de ubicación | Fecha de adquisición | Total Checkouts | Número de clasificación | Código de barras | Date last seen | Date last borrowed | Número de ejemplar | Price effective from | Koha tipo de elemento (item) |
|---|---|---|---|---|---|---|---|---|---|---|---|---|---|---|---|
| Biblioteca Medicina | Biblioteca Medicina | Circulación | 13/05/2011 | 6 | 616.0757 18 DUB | 1651 | 26/03/2026 | 20/03/2026 | ej.1 | 13/05/2011 | Libros |